| 000 -CABECERA |
| Longitud fija campo de control |
00993nam a22002297a 4500 |
| 003 - IDENTIFICADOR DEL NÚMERO DE CONTROL |
| Identificador del número de control |
OSt |
| 005 - FECHA Y HORA DE LA ÚLTIMA TRANSACCIÓN |
| Fecha y hora de la última transacción |
20151026133603.0 |
| 008 - CÓDIGOS DE INFORMACIÓN DE LONGITUD FIJA |
| Códigos de información de longitud fija |
130715s2012 sp ||||| |||| 00| 0 spa d |
| 040 ## - FUENTE DE LA CATALOGACIÓN |
| Centro transcriptor |
CDMR |
| 100 1# - PUNTO DE ACCESO PRINCIPAL-NOMBRE DE PERSONA |
| 9 (RLIN) |
3929 |
| Nombre de persona |
Díaz Estévez, Marta |
| 245 10 - MENCIÓN DE TÍTULO |
| Título |
Televisión pública e identidad regional |
| Resto del título |
: los jóvenes andaluces ante el modelo de servicio público de la RTVA |
| Mención de responsabilidad, etc. |
Marta Díaz Estevez ; dirección Bernardo Díaz Nosty, Juan Francisco Gutiérrez Lozano |
| Medio |
[recurs electrònic] |
| 260 ## - PUBLICACIÓN, DISTRIBUCIÓN, ETC. (PIE DE IMPRENTA) |
| Nombre del editor, distribuidor, etc. |
Universidad de Málaga |
| Fecha de publicación, distribución, etc. |
2012 |
| 650 04 - PUNTO DE ACCESO ADICIONAL DE MATERIA - TÉRMINO DE MATERIA |
| 9 (RLIN) |
3082 |
| Término de materia o nombre geográfico como elemento inicial |
Mitjans de comunicació social |
| 650 04 - PUNTO DE ACCESO ADICIONAL DE MATERIA - TÉRMINO DE MATERIA |
| 9 (RLIN) |
3108 |
| Término de materia o nombre geográfico como elemento inicial |
Televisió pública |
| Subdivisión de materia general |
Aspectes sociològics |
| Subdivisión geográfica |
Andalusia |
| 650 04 - PUNTO DE ACCESO ADICIONAL DE MATERIA - TÉRMINO DE MATERIA |
| 9 (RLIN) |
4287 |
| Término de materia o nombre geográfico como elemento inicial |
Identitat col·lectiva |
| 650 04 - PUNTO DE ACCESO ADICIONAL DE MATERIA - TÉRMINO DE MATERIA |
| 9 (RLIN) |
2994 |
| Término de materia o nombre geográfico como elemento inicial |
Tesis i dissertacions acadèmiques |
| 700 1# - PUNTO DE ACCESO ADICIONAL - NOMBRE DE PERSONA |
| 9 (RLIN) |
3204 |
| Nombre de persona |
Díaz Noci, Javier |
| 700 1# - PUNTO DE ACCESO ADICIONAL - NOMBRE DE PERSONA |
| 9 (RLIN) |
3931 |
| Nombre de persona |
Gutiérrez Lozano, Juan Francisco |
| 710 2# - PUNTO DE ACCESO ADICIONAL - NOMBRE DE ENTIDAD |
| 9 (RLIN) |
3930 |
| Nombre de entidad o nombre de jurisdicción como elemento inicial |
Universidad de Málaga |
| 856 40 - LOCALIZACIÓN Y ACCESO ELECTRÓNICO |
| Identificador Uniforme del Recurso (URI) |
<a href="http://riuma.uma.es/xmlui/handle/10630/5365">http://riuma.uma.es/xmlui/handle/10630/5365</a> |
| Texto del enlace |
Disponible en línia (RIUMA) |
| 942 ## - ENTRADA DE ELEMENTOS AGREGADOS (KOHA) |
| Fuente de clasificaión o esquema |
|
| Koha [por defecto] tipo de item |
Tesines en línia |